Días de odio, días de amor
Kaydedildi:
| Yazar: | |
|---|---|
| Materyal Türü: | Kitap |
| Dil: | Undetermined |
| Baskı/Yayın Bilgisi: |
Barcelona, España
Martínez Roca
1988
|
| Konular: | |
| Etiketler: |
Etiketle
Etiket eklenmemiş, İlk siz ekleyin!
|
MARC
| LEADER | 00000nam a2200000Ia 4500 | ||
|---|---|---|---|
| 008 | 170316s9999 xx 000 0 und d | ||
| 040 | |a cru BVZT | ||
| 090 | |a 820 T-1.1d | ||
| 100 | |a Taylor, Chistine | ||
| 245 | |a Días de odio, días de amor | ||
| 260 | |a Barcelona, España | ||
| 260 | |b Martínez Roca | ||
| 260 | |c 1988 | ||
| 300 | |a 262 páginas | ||
| 650 | |a LITERATURA INGLESA | ||
| 942 | 0 | 0 | |0 1 |
| 999 | |c 7234 |d 7234 | ||
